000 00363nam a2200145Ia 4500
008 240624s9999 xx 000 0 und d
041 _aeng
082 _a519.5 MIL
100 _aMILLER IRWIN
245 _aJOHN E FREUDS MATHEMATICAL STATISTICS
250 _a(6th ed.)
260 _c2003
_aNew Delhi
_bPrentice-Hall of India
300 _axii, : 624
365 _cRS
999 _c2180
_d2180